000 00511nam a2200169 i 4500
001 50422
003 ES-MaACL
005 20230906162158.0
007 t|
008 030804s1970 sp ||||1| spa d
100 1 _aCulmann, Henri.
_942151
245 1 4 _aLos mecanismos económicos /
_cHenri Culmann ; [traducción: Mercedes Boronat Blanch].
260 _aBarcelona :
_bA. Redondo,
_c[1970]
300 _a146 p. ;
_c18 cm.
700 1 _aBoronat Blanch, Mercedes.
_930535
852 _aES-MaACL
_jC-44943
_bR.74410
999 _c50422
_d50422